-EE Vocabulary Words #2 - Statistics

General Stats
  • This quiz has been taken 244 times
  • The average score is 11 of 20
Answer Stats
definition word % Correct
she has a fiance fiancee
86%
flying disc frisbee
84%
run away from, in panic flee
83%
beard style goatee
75%
food reduced to mush by a blender puree
72%
∛27 three
66%
anti-flood embankment levee
64%
sofa settee
56%
chewy confectionery toffee
55%
see-through night wear negligee
53%
lake in the Near East Sea of {Galilee}
52%
without anxiety or worries carefree
50%
Chinese fruit lychee
50%
receiver of money payee
49%
tertiary qualification degree
47%
major and celebratory anniversary jubilee
41%
follower of a guru devotee
38%
an adventure sport bungee
23%
mass of loose mountainside rock scree
22%
large tent marquee
18%
No matching quizzes found
Score Distribution
Percent of People with Each Score
Percentile by Number Answered
Your Score History
You have not taken this quiz